Movies Quiz

Random Movies or Disney Quiz

Disney Folk (Letter A) Quiz Stats

 Plays Quiz Updated Oct 19, 2020

Support Sporcle.
Go Orange.
Score 0/12 Timer 03:00
0 Plays Today
% Correct
Ariel
97.9%
Alice
97.6%
Anna
97.6%
Abu
96.6%
Aurora
92.5%
Armoire
83.9%
Akela
82.5%
Anton Ego
80.6%
Archimedes
76%
Alan-a-Dale
74%
Aladar
67.8%
Alameda
59.5%

You're not logged in!

Compare scores with friends on all Sporcle quizzes.
OR
Log In

From the Vault

Click the Cartoon Teacher

by ddd62291

Just another cartoon school assignment.
Remove Ads.
Support Sporcle.
Get the best of Sporcle when you Go Orange. This ad-free experience offers more features, more stats, and more fun while also helping to support Sporcle. Thank you for becoming a member.

Show Comments

Extras

Top Quizzes Today


Score Distribution

Your Account Isn't Verified!

In order to create a playlist on Sporcle, you need to verify the email address you used during registration. Go to your Sporcle Settings to finish the process.

Report this User

Report this user for behavior that violates our Community Guidelines.

Details: